000 00416nam a2200169Ia 4500
008 230711s9999||||xx |||||||||||||| ||und||
020 _a978-81-85731-88-9
041 _aENG
082 _a615.1
_bSU-L
100 _aThimma Setty,J
245 0 _aLaboratory Manual of Physical Pharmaceutics
250 _a2nd Ed.
260 _c2017
_aDelhi
_bVallabh Prakashan
300 _a152p.
650 _aPharmacy
942 _cBK
999 _c7284
_d7284